[Event "Montreal 4th"]
[Site "Montreal"]
[Date "2003.07.23"]
[Round "1"]
[White "Legky, Nikolay A"]
[Black "Romanishin, Oleg M"]
[Result "1/2-1/2"]
[WhiteElo "2482"]
[BlackElo "2561"]
[Annotator "Golod,V"]
[PlyCount "53"]
[EventDate "2003.07.23"]
[EventType "tourn"]
[EventRounds "11"]
[EventCountry "CAN"]
[EventCategory "11"]
[SourceTitle "CBM 097"]
[Source "ChessBase"]
[SourceDate "2003.11.11"]
[SourceVersion "1"]
[SourceVersionDate "2003.11.11"]
[SourceQuality "1"]

1. d4 Nf6 2. c4 e6 3. Nc3 Bb4 4. Qc2 d5 5. cxd5 Qxd5 6. e3 O-O 7. Bd2 Bxc3 8.
Bxc3 $5 {Interesting idea of Vassily Ivanchuk.Before,always played: 8.bxc3}
Nbd7 {This continuation is the next attempt to bring in a "new word " in
theory of this variant. Besides this move,Black has three alternatives:} (8...
c5 {You can see comments to Onischuk,A-Romanishin,O/Montreal,2003/CBM 97(1-0)
(Golod,V)(29)}) (8... a5 {[%csl Ya5][%cal Ya5b4] You can see comments to
Gurevich,M-Romanishin,O/Essen,2001/CBM 83(1-0)(Golod,V)(37)}) (8... b6 {
[%cal Gc8a6] You can see annotations to game: Ivanchuk,V-Short,N/Shenyang,2000/
CBM 79(1/2-1/2)(Golod,V)(34)}) 9. Nf3 ({Also once were checked in the
preceding game:} 9. Ne2 $5 Qf5 10. Rc1 Re8 11. Ng3 Qxc2 12. Rxc2 b6 13. Bb5 Bb7
14. O-O Red8 15. Bb4 Nd5 16. Bd2 $14 {Atalik,S-Romanishin,O/Halkidiki,2002(1/
2-1/2)(56)}) 9... b6 10. Be2 Bb7 {/^a8-h1;><g2} 11. O-O Ne4 ({It was checked
in the previous game:} 11... Rac8 12. Ne1 $6 (12. Rfd1 $5) 12... c5 13. Bf3 Ne4
14. Bxe4 $6 Qxe4 15. Qxe4 Bxe4 {=/=/+ Herzog,M-Ivanov,I/Las Vegas,1993(0-1)(41)
}) 12. b4 {This move is directed against progress "c5".} ({On:} 12. Rfd1 $5 {
you can find only one game in Mega Database 2003.}) 12... Ndf6 $5 $146 ({
The game,which have reached this position were continued as follows:} 12...
Rfc8 $5 13. Bb2 a5 14. a3 Ndf6 15. h3 Ng5 16. Rfc1 h6 {+/=/= Vera,R-Romanishin,
O/Linares,2002(1/2-1/2)(16)}) ({Very weakly:} 12... c5 {because of:} 13. dxc5
bxc5 $140 14. Rfd1 {[%cal Gb4b5] +/=/+/-}) 13. Rfc1 {[%csl Yc3][%cal Yc3e1]}
Nxc3 {Differently,White will withdraw the bishop from point "c3":} (13... Rfc8
14. Be1 $14 (14. Ne1 $143 Nxc3 15. Qxc3 a5 16. b5 $140 c5 $1 $11)) 14. Qxc3
Rfc8 {[%csl Ya8][%cal Ya7a5] It is necessary to leave R in point "a8", because
Black wants immediately to begin active actions on the queen side.} 15. Qb2 a5
({Again very weakly:} 15... c5 $2 {in view of:} 16. dxc5 bxc5 17. Rxc5 Rxc5 18.
bxc5 {[%csl Rb7]} Rc8 19. Rc1 $16) 16. b5 a4 {Differently,after: 17.a4 White
will block the PP of contender on the queen side.} 17. a3 Ra5 {Non-typical
idea!} ({Is a possible continuation of the play:} 17... c5 18. bxc6 (18. dxc5
$6 Rxc5 19. Rxc5 Qxc5 20. Rc1 Qd6 $11) 18... Rxc6 19. Rxc6 Qxc6 20. Rc1 Qd6 21.
Ne5 $14) (17... Ne8 $6 18. Rc3 {[%cal Ga1c1]}) 18. Rc2 $14 {[%csl Rc7][%cal
Ga1c1] Position of White more preferably at the expense of the best pawn chain.
} h6 ({Can it was necessary to decide on the more active continuation:} 18...
Qf5 $5 19. Rac1 Bxf3 20. gxf3 $1 $14 {[%csl Rc7][%cal Yg1h1]} (20. Bxf3 $6 Rxb5
(20... Qxb5 $2 21. Rxc7 Rxc7 22. Rxc7 {[%csl Rg8][%cal Gc7c8]} g6 23. Qc1 $14)
21. Rxc7 Rxc7 22. Rxc7 h6 23. Qd2 Rb3 $36 {[%csl Ra3]})) 19. Rac1 {[%csl Rc7]}
Ne8 20. Qb4 ({Hardly it was better:} 20. Ne1 {[%csl Rb7,Rd5][%cal Ge2f3]} Qd7 {
[%csl Rb5][%cal Ge8d6]} 21. Qb4 Nd6 22. Rb2 Bd5 {[%csl Rb5]}) 20... Raa8 {
[%csl Ya8,Rc8][%cal Gd5d6,Ya8c8] Rook,in time,has come back on a him place.}
21. h3 (21. Ne1 $5 {[%csl Rb7,Rd5][%cal Ge2f3]} Qd6 22. Nd3 Be4 23. Rc3 $14)
21... Qd6 22. Qxd6 $2 ({After:} 22. Qb2 Be4 23. Rc3 {White keeps a obvious
positional advantage.}) 22... cxd6 {For Black it is certainly favourable to
exchange QQ.} 23. Nd2 {[%csl Yd2][%cal Yd2c4]} ({It deserves attention:} 23.
Bd3 {[%csl Yc4][%cal Yf3d2,Yd2c4]} d5 $1 (23... Rxc2 $143 24. Rxc2 Kf8 {+/=/=}
(24... Bxf3 $2 25. gxf3 Kf8 {[%cal Yf8e7,Ye7d7]} 26. Rc6 Rb8 27. Bc2 $16 {
[%csl Ra4]})) 24. Ne5 Rxc2 25. Rxc2 Rc8 26. Nd7 {[%csl Rb6]} (26. Rxc8 Bxc8 27.
Bc2 Nd6 28. Bxa4 f6 29. Nc6 Kf7 $132 {[%csl Ra3,Ya4][%cal Gd6c4,Ya4b5]}) 26...
Rxc2 27. Bxc2 Nd6 28. Bxa4 Nc4 {[%csl Ra3]} 29. Bc2 Bc8 $1 30. Ne5 Nxa3 31. Bd3
f6 32. Nc6 Kf7 $11) 23... d5 $1 {[%csl Rc4,Yd5,Re4][%cal Yd5c4,Yd5e4]} 24. Rxc8
Bxc8 $8 (24... Rxc8 $2 {is refuted by:} 25. Rxc8 Bxc8 26. Nb1 {[%cal Gb1c3]}
Nd6 27. Nc3 {[%csl Ra4,Rb6][%cal Gc3a4,Ga4b6]} Bd7 28. Kf1 $16 {[%csl Ra4,Rb6]
[%cal Yf1e2,Gc3a4,Ga4b6]}) 25. e4 ({I do not think that it was much better:} 
25. Rc6 Rb8 {[%csl Yb8][%cal Yb8b6,Gc8d7]}) ({or:} 25. Nf3 f6 {[%cal Yg8f7,
Yf7e7]}) 25... Bd7 $11 26. e5 ({Also leads to equality:} 26. exd5 exd5 27. Nf1
Nd6 28. Ne3 Bxb5 (28... Nxb5 $2 29. Bxb5 Bxb5 30. Nxd5 Rd8 $140 {[%tqu "En",
"Please enter the best move for White.","","","c1c8","",10]} 31. Rc8 $3 Rxc8
32. Ne7+ Kf8 33. Nxc8 {[%csl Rb6]} Bc6 34. Nxb6 Ke7 35. f3 $16 {[%cal Yg1f2,
Yf2e3]}) 29. Bf3 Rd8 30. Bxd5 Kf8 $11) 26... Kf8 $6 {/\Ke7-d8,Nc7} (26... Ra5
$142 {[%csl Rb5]} 27. Nb1 (27. Rb1 $143 Nc7 {[%csl Rb5]}) 27... Bxb5 28. Bxb5
Rxb5 29. Nc3 Ra5 30. Rb1 Ra6 31. Rb4 $11 {[%csl Ra4]}) 27. Nb1 ({From my point
of view, Nikolay Legky could continue a game:} 27. Nb1 Ke7 (27... Ra5 $6 28.
Nc3 Nc7 29. Rb1 f6 30. f4) 28. f4 $14 {[%cal Yg1f2,Yf2e3]}) 1/2-1/2

[Event "EU-Cup 15th final"]
[Site "Bugojno"]
[Date "1999.10.31"]
[Round "3"]
[White "Azmaiparashvili, Zurab"]
[Black "Huzman, Alexander"]
[Result "1/2-1/2"]
[WhiteElo "2681"]
[BlackElo "2581"]
[Annotator "Golod,V"]
[PlyCount "109"]
[EventDate "1999.10.29"]
[EventType "team-k.o."]
[EventRounds "3"]
[EventCountry "BIH"]
[SourceTitle "EXT 2020"]
[Source "ChessBase"]
[SourceDate "2019.10.17"]
[SourceVersion "1"]
[SourceVersionDate "2019.10.17"]
[SourceQuality "1"]
[WhiteTeam "Kiseljak"]
[BlackTeam "Beer-Sheva Chess Club"]
[WhiteTeamCountry "BIH"]
[BlackTeamCountry "ISR"]

1. d4 Nf6 2. c4 e6 3. Nc3 Bb4 4. Qc2 d5 5. cxd5 Qxd5 6. Nf3 $5 ({Another
options is:} 6. e3 $5 {See comments to Gelfand,B-Speelman,J/ Las Vegas,1999/
CBM 72(1-0)(Golod,V)(53)}) 6... Qf5 7. Qb3 $5 {Is the main line.Besides,white
has two options:} (7. Qxf5 $143 {See comments to Golod,V-Psakhis,L/ Tel-Aviv,
1999/CBM 71(1-0)(Golod,V)(67)}) ({and} 7. Qd1 $5 {See comments to Ivanov,
S-Landa,K/St. Petersburg,1999/CBM 71(1/2-1/2)(Golod,V) (56)}) 7... Nc6 (7... c5
{Is a possible continuation of the play.}) 8. g3 {Comments to 8.Bd2!? you cand
find in annotations to game: Dreev,A-Bareev,E/Elista,1998/CBM 65 (0-1)(Golod,V)
(32)} Qd5 $5 {N} (8... O-O $5 {(was checked in the previous game)} 9. Bg2 e5 $5
{See comments to Dreev,A-Bareev,E/Elista, 1998/CBM 65(0-1)(Golod,V)(32)} (9...
Qd5 $5 10. Qxd5 exd5 11. Bf4 Bg4 {= Dautov,R})) 9. Qxd5 exd5 10. Bd2 ({Dubious:
} 10. a3 {in view of:} Bxc3+ 11. bxc3 Ne4 12. Bf4 (12. Bb2 $143 Na5 {=/=/+})
12... Nxc3 13. Bxc7 Nb5 $36) 10... Bg4 11. Nb5 $6 ({In my opinion better is:} 
11. O-O-O O-O (11... Bxf3 $6 12. exf3 $140 Nxd4 13. Bg5 Bxc3 14. bxc3 Nxf3 15.
Bxf6 gxf6 16. Bg2 Ng5 17. Rhe1+ Ne6 (17... Kf8 18. Rxd5 Re8 19. Rxe8+ Kxe8 20.
Ra5 b6 21. Rxa7 Kd7 {+= K}) 18. Bxd5 O-O-O 19. Bxe6+ fxe6 20. Rxe6 {+= K}) 12.
Ne5 {~}) 11... Bxf3 $6 ({Good enough:} 11... O-O 12. Nxc7 $140 {?} (12. Bg2
$142 Bxd2+ 13. Nxd2 (13. Kxd2 $2 a6 14. Nc3 (14. Nxc7 $4 Rac8 {-+}) 14... Bxf3
15. Bxf3 Nxd4 {-/+}) 13... Nb4 {=+}) 12... Rac8 13. Nb5 a6 14. Bxb4 (14. Nc3 $2
Bxf3 15. exf3 Nxd4) 14... Nxb4 15. Na3 Bxf3 16. exf3 Nc2+ 17. Nxc2 Rxc2 {-/+})
12. exf3 Bxd2+ ({Again better is:} 12... O-O) (12... O-O-O $2 {is refuted by:}
13. Nxa7+ $1 Nxa7 (13... Kd7 $143 14. Bh3+ Kd6 (14... Ke8 15. Nxc6 Bxd2+ 16.
Kxd2 bxc6 17. Rhe1+ Kf8 18. Rac1 {+-}) 15. Nb5+ Ke7 16. Bc3 {+/-/ +-}) 14. Bxb4
(14. Bh3+ $143 Kb8 15. Bxb4 Nb5 {+/-/+/=}) 14... Rhe8+ 15. Kd2 Nc6 16. Bc3 {+/-
}) 13. Kxd2 O-O-O ({Also possibly:} 13... Kd8 $5 {/\a6 (weaknessPd4)} 14. Kc3
a6 15. Na3 Re8 {=}) 14. Kc3 {=} ({Senselessly:} 14. Bh3+ Kb8 15. Kc3 {because
of:} Ne7 {with the idea Nc8,c6,Nd6}) 14... Kb8 $1 {Black's plan is:Ne7,c6,Nd6,
Rhe8 and so on.} 15. Bd3 (15. Re1 $5 {against -15... Ne7} Rhe8 16. Bh3 {=})
15... Ne7 16. Rae1 Nc8 17. Kc2 Rhe8 18. Re5 ({Probably better is:} 18. Re3 c6
19. Nc3 Re7 20. Rhe1 Rde8 {=}) 18... Nd7 $1 19. Re3 ({Loses right away:} 19.
Rxd5 $4 c6) ({and} 19. Rxe8 $6 Rxe8 $140 20. Bxh7 $4 g6 21. h4 Rh8 22. Bxg6
fxg6 {-+}) 19... c6 20. Nc3 Nf8 $5 {Black's plan is:Nd6,h6, Re6,Rde8 with
positional advantage in the endgame.} 21. Bf5 $1 {Control over point:e6} Nd6
22. Bh3 Nc4 23. Ree1 Nd6 24. b3 $5 {/\Re3 and Rhe1} ({After:} 24. Re3 Nc4 25.
Ree1 {-draw}) 24... Rxe1 25. Rxe1 Re8 {=} 26. Re3 ({Worse is:} 26. Re5 {
in view of:} Ng6) 26... Kc7 27. Ne2 $5 {with the idea Nf4-h5(><Pg7)} Ng6 ({
After:} 27... Kd8 28. Nf4 g6 {also equality.}) 28. Bg4 Kd8 29. Kd3 Ne7 30. Nf4
Nef5 31. Re5 {Is the better than:} (31. Rxe8+ $6 Kxe8 {with small advantage of
black.}) 31... g6 32. h4 f6 33. Ne6+ (33. Rxe8+ $143 Kxe8 34. h5 Kf7 {=/=/+})
33... Ke7 $1 34. Re2 $140 Kf7 35. Nf4 Rxe2 36. Nxe2 Ng7 37. Nf4 Ke7 {A little
passive move.For the sake of struggle for advantage can be recommended:} (37...
h6 $5 {/\g5(Huzman,A)}) 38. Bh3 Ngf5 39. a4 Ng7 40. Kc3 Ngf5 41. Nd3 Ng7 ({
Another possibility is:} 41... b6 42. Nb4 Kd7 43. Na6 {=}) 42. Nc5 h6 43. a5
Nge8 44. Ne6 Nb5+ 45. Kd3 Nbc7 46. Nf4 ({Very badly:} 46. Nxc7 Nxc7 {/\Kd6,b6,
c5 with good chances to win of black.}) 46... Kf7 47. h5 $1 {Differently after:
} (47. Bg4 f5 48. Bh3 Ne6 {black has a slight advantage.}) 47... g5 48. Ng2 Nd6
49. Ne3 Ke7 50. Bf5 $1 Ne6 51. Bg6 Kf8 {= After a long game white and black
should be glad to pereat the moves.} 52. Ng4 Kg7 53. Ne3 Kf8 54. Ng4 Kg7 55.
Ne3 1/2-1/2

[Event "Presidents Cup 3.pl"]
[Site "Elista"]
[Date "1998.05.23"]
[Round "5.9"]
[White "Dreev, Alexey"]
[Black "Bareev, Evgeny"]
[Result "0-1"]
[WhiteElo "2630"]
[BlackElo "2675"]
[Annotator "Golod,V"]
[PlyCount "63"]
[EventDate "1998.05.07"]
[EventType "k.o."]
[EventRounds "9"]
[EventCountry "RUS"]
[SourceTitle "CBM 065"]
[Source "ChessBase"]
[SourceDate "1998.08.06"]
[SourceVersion "1"]
[SourceVersionDate "1998.08.06"]
[SourceQuality "1"]

1. d4 Nf6 2. c4 e6 3. Nc3 Bb4 4. Qc2 d5 5. cxd5 Qxd5 6. Nf3 Qf5 $1 {N;
Romanishin} 7. Qb3 $5 (7. Qxf5 $143 exf5 8. Bd2 (8. a3 Be7 $5 (8... Bd6 $5 9.
Nb5 Be6 10. e3 Nc6 11. Bd2 Ne4 $5 (11... a6 12. Nxd6+ cxd6 13. Bd3 Ne7 14. Ng5
Bd5 15. f3 h6 16. Nh3 Rc8 17. Ke2 Bc4 18. Rac1 Bxd3+ 19. Kxd3 $14 Kd7 20. e4
fxe4+ 21. fxe4 Rxc1 22. Rxc1 Ng4 23. Rf1 f5 24. exf5 Nxh2 25. Rf4 Rf8 26. f6
Rxf6 27. Rxf6 gxf6 28. Bxh6 Ng4 29. Bd2 f5 {1/2-1/2 Timman,J-Jussupow,A/Chess
Classic Masters, Frankfurt GER 1998}) 12. Bd3 a6 13. Nxd6+ cxd6 14. Ke2 Kd7 15.
Rhc1 Rhc8 16. Be1 Ne7 17. Ng1 b5 18. f3 Nf6 19. Bh4 Nfd5 20. Bxe7 {1/2-1/2
Kramnik,V-Anand,V/Chess Classic Giants, Frankfurt GER 1998}) 9. b4 c6 10. e3
O-O 11. Bd3 g6 12. Bb2 Nbd7 13. Na4 Nd5 14. Rc1 Bf6 15. O-O N5b6 16. Nc5 Nxc5
17. bxc5 Nd5 $14 {1/2-1/2 Arlandi,E-Romanishin,O/Open, Torino ITA 1998 (32)})
8... Be6 $5 (8... a6 $5 9. a3 Bd6 10. g3 Be6 11. Bg2 c6 12. Bf4 Bxf4 13. gxf4
Nbd7 14. O-O h6 15. Ne5 $11 {Balogh,T-Grosar,A/XVII Mitropa Cup, Montecatini
Terme ITA 1997/1/2-1/2 (49)}) 9. e3 a6 10. Ng5 Nbd7 11. Nxe6 fxe6 12. Bc4 Ke7
13. a3 Bd6 14. O-O c5 15. Rfe1 $11 {Kharlov,A-Bosch,J/Open, Leeuwarden NED
1997/0-1 (57)}) (7. Qd1 $5 {[%csl Rf5]} c5 (7... Ne4 8. Bd2 Bxc3 9. Bxc3 Nxc3
10. bxc3 Qa5 11. Qc2 c5 12. e3 cxd4 13. exd4 Nd7 14. Bd3 Nf6 15. O-O O-O 16.
Ne5 Qc7 17. Rae1 b6 18. Re3 $14 {1-0 Goldin,A-Yudasin,L/Rishon le Zion 1996 
(52)}) 8. e3 cxd4 9. exd4 Ne4 $5 (9... O-O $5 10. Bd3 Qh5 11. O-O Nbd7 12. Ne2
Bd6 13. Bf4 Bxf4 14. Nxf4 Qa5 (14... Qh6 $6 15. g3 $1 b6 16. Rc1 Bb7 17. Rc7
Bxf3 $2 18. Qxf3 e5 19. Nd5 $16 {1-0 Gelfand,B-Zvjaginsev,V/Biel 1995 (27)})
15. a3 Rd8 16. Rc1 Nf8 $5 (16... Qb6 17. Qe2 Nf8 18. Rc4 {1/2-1/2 Goldin,
A-Zvjagincev,V/JUG -chT Tivat 1995}) 17. Ne5 (17. Qb3 Bd7 18. Qxb7 Rdb8 19. Qc7
Qxc7 20. Rxc7 Rxb2 21. Rb1 Rxb1+ 22. Bxb1 Ne8 $11) 17... Qb6 18. Rc4 Bd7 (18...
Qxb2 $5) 19. Rb4 Qc7 20. Qf3 $13 {1/2-1/2 Sokolov,I-Epishin,V/FIDE-Wch k.o.
1997 (43)}) 10. Bd2 Nc6 11. Bd3 $5 (11. a3 $6 Bxc3 12. bxc3 Bd7 13. Be2 Nxd2
14. Qxd2 O-O 15. O-O Rfd8 16. Rab1 b6 17. Rb5 Qf6 18. Rh5 $11 {0-1 Touzane,
O-Lepelletier,B/Toulouse (4) 1996 (52)}) 11... Nxc3 12. Bxc3 Qa5 13. O-O O-O
14. Qc2 h6 15. Bh7+ Kh8 16. Be4 Bd7 17. Qb3 Bxc3 18. bxc3 $14 Qc7 19. Rab1 Rab8
20. Qa3 Kg8 21. c4 Na5 22. Rfc1 Nxc4 23. Qxa7 Qa5 24. Rxb7 Rxb7 25. Qxb7 Nd6
26. Qxd7 Nxe4 27. Rc8 g5 28. Rxf8+ Kxf8 29. Qc8+ Kg7 30. Qb7 Nd6 31. Qb1 Nb5
32. h3 Nc3 33. Qb2 Nd1 34. Qa1 Nc3 35. Qe1 $14 {Sokolov,I-Kortschnoj,V/Zonal 1.
1 1998/1-0 (52)}) 7... Nc6 $5 (7... c5 $5 8. a3 Ba5 $5 (8... Bxc3+ $143 9. Qxc3
Nbd7 10. g3 Ne4 11. Qe3 b6 12. dxc5 Ndxc5 13. b4 Na4 14. Bh3 $1 Qd5 15. Bg2 Bb7
16. Nd2 f5 17. Nxe4 fxe4 18. O-O O-O 19. Rb1 Rac8 20. Bb2 Nxb2 21. Rxb2 $14 {
Bareev-Beliavsky/Linares/1994}) 9. Bd2 Nc6 10. dxc5 Qxc5 11. e3 O-O 12. Be2 e5
13. Na4 Bxd2+ 14. Nxd2 Qa5 15. Nc3 Rd8 16. Nc4 Qc7 $11 {1/2-1/2 Lahlum,
H-Schneider,S/KS open, Copenhagen DEN 1998 (41)}) 8. g3 $5 (8. Bd2 $5 O-O 9. e3
a6 $1 (9... Bd6 $6 10. Nb5 $1 Ne4 (10... e5 11. dxe5 Nxe5 12. Nxd6 (12. Nfd4
$143 Qd7 13. Qc2 c5 14. Nb3 b6 15. Nxd6 Qxd6 16. Be2 Bb7 17. f3 Rad8 18. O-O
Qe7 19. Rad1 {1/2-1/2 Dao Thien Hai-Romanishin,O/Balatonbereny 1996}) 12...
Nxf3+ 13. gxf3 cxd6 (13... Qxf3 14. Nxc8 Qxh1 15. Ne7+ Kh8 16. Bc3 $14) 14. Be2
Be6 15. Qd3 $14 {Dautov}) 11. Bd3 Nxd2 12. Nxd2 Qg5 13. O-O $14 Qe7 (13... e5
14. dxe5 Qxe5 15. Nf3 Qf6 16. Nxd6 Qxd6 17. Rfd1 $14) 14. a3 (14. Rac1 $5 $14)
14... a6 $6 (14... e5 $2 15. d5 Nb8 16. Rac1 a6 17. Nxd6 cxd6 18. Qc2 $16) (
14... Bd7 $14 {>=}) 15. Nxd6 cxd6 16. Qb6 $1 (16. d5 $5 Ne5 17. Be2 $14) 16...
Bd7 $10 {1/2-1/2 Dao Thien Hai-Kortschnoj,V/Moscow olm 1994 (43) Hansen,LB}) (
9... Rd8 $5 10. Be2 e5 11. Nxe5 Be6 12. g4 Qxe5 13. dxe5 Bxb3 14. exf6 Be6 15.
f4 gxf6 16. O-O-O $14 {Ivanchuk,V-Anand,V/Monaco blind 1996/1/2-1/2 (76)}) 10.
Be2 Bd6 11. O-O e5 $10) (8. e3 $5 O-O 9. Be2 a6 $5 (9... Nd5 $143 10. Bd2 Nxc3
11. Bxc3 a5 12. Bxb4 axb4 13. O-O Qd5 14. Bc4 Qd6 15. Bd3 Ra5 16. Nd2 Rh5 17.
f4 $14 {1-0 Chernin,A-Bator,R/Stockholm 1995 (38)}) 10. O-O Bd6 $10 {/\e5;
Dautov}) (8. a3 $5 {/\} Bd6 $2 9. e4 $1 Nxe4 10. Bd3 Nc5 11. dxc5 Qxd3 12. cxd6
$18 {Dautov}) 8... O-O 9. Bg2 e5 $5 $146 (9... Qd5 $5 10. Qxd5 exd5 11. Bf4 Bg4
$10 {Dautov}) 10. d5 $5 (10. dxe5 $6 Be6 11. Qa4 $142 (11. Qd1 $6 Rad8 12. Bd2
(12. Nd2 Qxe5 $15) 12... Bxc3 13. bxc3 (13. exf6 Bxf6 $5 $15 (13... Bxd2+ $5
14. Nxd2 $140 Qa5 $1 {[%csl Rd2,Re1][%cal Ga5e1,Gd8d2]})) 13... Ne4 $36) 11...
Ne4 12. Bd2 Nc5 13. Qd1 Rad8 $36) 10... Bxc3+ (10... Nd4 $2 11. Nxd4 (11. Qxb4
$4 Nc2+ $19 {[%csl Rb4,Re1]}) 11... exd4 12. Qxb4 dxc3 13. Qxc3 Nxd5 14. Qd2
$14 (14. Qd4 $5)) 11. bxc3 Na5 $11 (11... Ne7 $6 12. c4 $14 {[%csl Gc4,Gd5]})
12. Qa4 (12. Qb4 $143 b6 13. Nd2 Qh5 $5 $36 (13... Ba6 $143 14. e4 Qh5 15. c4
$13)) 12... b6 13. Nd2 (13. Nh4 $6 Qh5 {[%csl Re2]} 14. Ba3 Bd7 15. Qc2 Rfe8
$15) 13... Qh5 $1 {><e2} 14. h3 (14. Ba3 $5 Bd7 15. Qc2 Rfe8 16. e4 c6 $1 $13)
14... Bd7 15. Qb4 $6 (15. Qc2 $5 Rad8 (15... e4 16. Nxe4 Nxd5 $13) 16. g4 Qg6
17. Qxg6 hxg6 18. Rb1 $11) 15... e4 $1 {[%csl Rd5,Re1,Ye4][%cal Gf6d5,Gh5d5,
Ge4e3]} 16. c4 $6 (16. Nxe4 Nxd5 17. Qd4 {(/\18.Qd5+ Qd519.Nf6+)} Be6 $11)
16... e3 $1 $15 (16... Rfe8 $143 17. Nf1 $13 {[%cal Gf1e3]}) 17. fxe3 (17. Nb3
$6 Nxb3 18. axb3 exf2+ 19. Kxf2 Rfe8 20. Bf3 Qe5 $1 21. Ra2 (21. Bf4 $2 Qd4+
22. Kg2 (22. e3 $2 Qb2+ 23. Be2 Ne4+ 24. Kf3 $8 Nc3 $1 {[%csl Ra1,Rb4]} 25. Bd3
(25. Rhe1 Nxe2 26. Rab1 Qc2 $19 {[%csl Rb1]}) 25... Bf5 $1 {[%csl Yd3,Rf3]
[%cal Yd3e2,Gf5d3,Gb2e2]} 26. Rhb1 Be4+ $1 $19) 22... Nxd5 23. Bxd5 Rxe2+ 24.
Kf3 Qd3+) 21... Ne4+ 22. Bxe4 Qxe4 $17) 17... Rfe8 $1 (17... Qe5 $6 {[%csl Ra1,
Rg3]} 18. O-O $1 (18. Rb1 $2 Qxg3+ 19. Kf1 Rfe8 $17) 18... Qxg3 (18... Qxa1 $2
19. Bb2 Qxa2 20. Ra1 Qxa1+ 21. Bxa1 Rfe8 22. e4 $40 {[%csl Rg7][%cal Gb4c3,
Ge4e5,Ge5e6]}) 19. Rf3 Qe1+ 20. Kh2 $13) 18. e4 $2 (18. Qc3 $1 {[%cal Yc3e3]}
c6 $140 (18... Nb7 $5 {[%csl Re4][%cal Gb7c5]}) 19. Bb2 cxd5 20. cxd5 Rac8 21.
Qd4 $11) 18... Qe5 $1 $17 {[%csl Ra1,Rg3][%cal Ge5g3,Ge5a1]} 19. Kf2 (19. Rb1
$6 Qxg3+ 20. Kf1 Bg4 $1 {[%csl Rg2][%cal Gg4e2]} 21. Nf3 $142 (21. hxg4 $4 Nxg4
$19 {[%csl Rf1][%cal Gg3f2]}) (21. Rg1 Qe3 22. Nf3 (22. Bf3 $2 Bxh3+ 23. Bg2
Ng4 $19) 22... Qxe4 23. Rb2 Bh5 $19) 21... Rxe4 22. Qe1 Qxe1+ 23. Kxe1 Bh5 $17)
19... Nh5 $1 (19... Qxa1 $4 20. Bb2 Qxa2 21. Ra1 Qxa1 22. Bxa1 $40 {[%csl Rg7]
[%cal Ge4e5,Gb4c3,Ge5e6]}) (19... Qd4+ $2 20. e3 $140 Qxa1 $2 21. Bb2 Qxa2 22.
Ra1 Qxa1 23. Bxa1 $40 {[%csl Rg7][%cal Ge4e5,Ge5e6,Gb4c3]}) 20. Qa3 (20. Bf3
$143 Qxg3+ (20... Nxg3 $2 21. Rg1 $13 (21. Bb2 Nxh1+ 22. Rxh1 Qf4 $17)) 21. Ke3
(21. Kf1 $2 Bxh3+ $19) 21... f5 $1 {[%csl Re3] -/+/-+}) 20... Qd4+ $1 21. e3 $8
(21. Kf1 $4 Qxa1 $19) (21. Kf3 $2 Qf6+ 22. Ke3 Nxg3 {[%csl Yg2,Rh1][%cal Gg3h1,
Yg2h1,Gf6a1] /\23.Re1(d1,g1) Qa124.Bb2 Qe1(d1,g1)-+}) 21... Qe5 $1 {[%csl Rg3]}
22. g4 $2 (22. Bb2 $5 Qxg3+ 23. Kg1 $17) 22... Qf6+ 23. Bf3 $8 (23. Nf3 $2 Qxa1
24. Bb2 Nxc4 $19) 23... Qh4+ 24. Kg1 (24. Kg2 $143 Qg3+ 25. Kf1 Nxc4 $1 $19 {
[%csl Rf3][%cal Yd2f3,Gc4d2]}) 24... Nxc4 $1 $19 25. Qd3 (25. Nxc4 Qe1+ 26. Kg2
$8 (26. Kh2 Qg3#) 26... Qg3+ 27. Kf1 Qxf3+ 28. Kg1 Ng3 $19) (25. Qb3 Qg3+ 26.
Bg2 $8 (26. Kf1 Nxd2+ 27. Bxd2 Qxf3+ $19) 26... Nxe3 27. Rh2 Nf4 {[%csl Rg2]}
28. Nf1 $8 Ne2+ 29. Kh1 Nxf1 30. Bxf1 (30. Qxg3 Nfxg3#) 30... Qg1#) 25... Qg3+
26. Bg2 $8 Nf4 $1 {[%csl Rd3,Rg2,Gg3][%cal Gg3d3,Gg3g2]} 27. Qf1 $8 Qxe3+ 28.
Kh2 (28. Qf2 Ne2+ 29. Kf1 Nxc1 $19 {[%csl Rd2][%cal Gc4d2]}) 28... Nxd2 29. Qd1
Nxg2 (29... Ne2 $1 {[%csl Rh2][%cal Ge3g3]} 30. Qe1 (30. Re1 Qg3+ 31. Kh1 Nf3
$19) 30... Qf4+ 31. Qg3 Qxg3#) 30. Bxd2 Qxe4 31. Kg3 Ne3 32. Kf2 0-1